[Event "GBR-ch84"]
[Site "Hove"]
[Date "1997.08.14"]
[Round "10"]
[White "Ferguson, Mark"]
[Black "Roktim, Bandyo"]
[Result "1-0"]
[WhiteElo "2420"]
[BlackElo "2275"]
[PlyCount "67"]
[EventDate "1997.08.04"]
[EventType "swiss"]
[EventRounds "11"]
[EventCountry "GBR"]
[SourceTitle "BritBase"]
[Source "John Saunders"]
[SourceDate "2024.07.04"]
[SourceVersion "1"]
[SourceVersionDate "2024.07.04"]
[SourceQuality "1"]

1. e4 e5 2. Nf3 Nc6 3. Nc3 Nf6 4. Bb5 Bb4 5. O-O O-O 6. d3 Bxc3 7. bxc3 d6 8.
Bg5 Qe7 9. Re1 Nd8 10. d4 Ne6 11. Bc1 c6 12. Bf1 Rd8 13. Nh4 Qc7 14. Nf5 d5 15.
exd5 Rxd5 16. Ba3 c5 17. c4 Rd8 18. d5 Nf8 19. d6 Qb6 20. Rxe5 Bxf5 21. Bxc5
Qa5 22. Bd4 Qa3 23. Rxf5 Qxd6 24. c3 Ne6 25. c5 Nxd4 26. cxd6 Nxf5 27. Qa4 Nxd6
28. Rd1 Rd7 29. g3 a6 30. Bh3 Rdd8 31. Qa5 Nfe8 32. Qb6 Kf8 33. Rd4 Ke7 34. c4
1-0

[Event "GBR-ch84"]
[Site "Hove"]
[Date "1997.08.14"]
[Round "10"]
[White "Greet, Andrew N"]
[Black "Mitchell, Martin"]
[Result "0-1"]
[WhiteElo "2240"]
[BlackElo "2115"]
[PlyCount "60"]
[EventDate "1997.08.04"]
[EventType "swiss"]
[EventRounds "11"]
[EventCountry "GBR"]
[SourceTitle "BritBase"]
[Source "John Saunders"]
[SourceDate "2024.07.04"]
[SourceVersion "1"]
[SourceVersionDate "2024.07.04"]
[SourceQuality "1"]

1. c4 f5 2. e4 fxe4 3. d3 exd3 4. Bxd3 Nf6 5. Nf3 Nc6 6. Ng5 Ne5 7. Nxh7 d5 8.
Nxf6+ exf6 9. cxd5 Bb4+ 10. Nc3 Bg4 11. f3 Qe7 12. Be2 Bf5 13. a3 Bxc3+ 14.
bxc3 Nd3+ 15. Kf1 Nxc1 16. Bb5+ Kf7 17. Rxc1 Qc5 18. Bd3 Rh5 19. Be2 Rah8 20.
h3 Qe3 21. d6 Rd8 22. g4 Rxd6 23. Qe1 Bd3 24. gxh5 Bxe2+ 25. Qxe2 Qxc1+ 26. Kg2
Qg5+ 27. Kf1 Rd2 28. Qc4+ Kf8 29. Qb4+ Kg8 30. Qg4 Qb5+ 0-1

[Event "GBR-ch84"]
[Site "Hove"]
[Date "1997.08.14"]
[Round "10"]
[White "Ledger, David J"]
[Black "Mortazavi, Ali"]
[Result "0-1"]
[WhiteElo "2255"]
[BlackElo "2390"]
[PlyCount "102"]
[EventDate "1997.08.04"]
[EventType "swiss"]
[EventRounds "11"]
[EventCountry "GBR"]
[SourceTitle "BritBase"]
[Source "John Saunders"]
[SourceDate "2024.07.04"]
[SourceVersion "1"]
[SourceVersionDate "2024.07.04"]
[SourceQuality "1"]

1. Nf3 c5 2. g3 Nf6 3. Bg2 Nc6 4. O-O e6 5. d3 Be7 6. e4 d5 7. e5 Nd7 8. Re1
Qc7 9. Qe2 b5 10. Nbd2 Bb7 11. Nf1 b4 12. h4 a5 13. N1h2 a4 14. a3 Nb6 15. h5
h6 16. Bh3 Ba6 17. Bf4 c4 18. Rec1 bxa3 19. bxa3 Nc8 20. Bf1 N8a7 21. Qd1 c3
22. d4 Bxf1 23. Qxf1 Na5 24. Rcb1 Nc4 25. Bc1 Qc6 26. Ra2 Nb5 27. Rba1 Kd7 28.
Ng4 Rhc8 29. Qd3 Rh8 30. Kg2 Rab8 31. Ng1 Na5 32. Rb1 Qc4 33. Qxc4 dxc4 34. Ne2
Nb3 35. Ne3 N3xd4 36. Nxd4 Nxd4 37. Rxb8 Rxb8 38. Nxc4 Kc6 39. Bf4 Rb1 40. Be3
Kd5 41. Nd6 Kxe5 42. Nxf7+ Ke4 43. Bf4 Ne2 44. Be3 Nc1 45. Bxc1 Rxc1 46. Nh8
Rb1 47. Ng6 Bd6 48. g4 Rb2 49. f3+ Ke3 50. Ra1 Rxc2+ 51. Kh3 Rh2# 0-1

[Event "GBR-ch84"]
[Site "Hove"]
[Date "1997.08.14"]
[Round "10"]
[White "Mah, Karl CC"]
[Black "Barton, R Alan"]
[Result "1-0"]
[WhiteElo "2365"]
[BlackElo "2170"]
[PlyCount "83"]
[EventDate "1997.08.04"]
[EventType "swiss"]
[EventRounds "11"]
[EventCountry "GBR"]
[SourceTitle "BritBase"]
[Source "John Saunders"]
[SourceDate "2024.07.04"]
[SourceVersion "1"]
[SourceVersionDate "2024.07.04"]
[SourceQuality "1"]

1. d4 c5 2. d5 Nf6 3. Nc3 Qa5 4. Bd2 b5 5. e4 b4 6. e5 bxc3 7. Bxc3 Qb6 8. exf6
gxf6 9. Nf3 d6 10. Bc4 Rg8 11. O-O Bh3 12. Ne1 Bg4 13. Qd3 Rg6 14. h3 Bc8 15.
Nf3 Nd7 16. Nh4 Rh6 17. Nf5 Rh5 18. g4 Ne5 19. Bxe5 Bxf5 20. Qg3 Bxg4 21. Bxf6
Bf5 22. Rfe1 O-O-O 23. Bxe7 Re8 24. Bxd6 Rxe1+ 25. Rxe1 Qxd6 26. Re8+ Kd7 27.
Bb5+ Kc7 28. Rxf8 Qxg3+ 29. fxg3 Bxc2 30. Rxf7+ Kb6 31. Bc6 Rxh3 32. Kg2 Rh6
33. Kf3 a5 34. Kf4 c4 35. Ke3 Kc5 36. Ra7 Kb6 37. Rb7+ Ka6 38. Kd4 Rg6 39. Kc5
Rxg3 40. Rc7 a4 41. Bb5+ Ka5 42. Ra7# 1-0

[Event "GBR-ch84"]
[Site "Hove"]
[Date "1997.08.14"]
[Round "10"]
[White "Martin, Andrew D"]
[Black "Mestel, A Jonathan"]
[Result "1-0"]
[WhiteElo "2425"]
[BlackElo "2500"]
[PlyCount "115"]
[EventDate "1997.08.04"]
[EventType "swiss"]
[EventRounds "11"]
[EventCountry "GBR"]
[SourceTitle "BritBase"]
[Source "John Saunders"]
[SourceDate "2024.07.04"]
[SourceVersion "1"]
[SourceVersionDate "2024.07.04"]
[SourceQuality "1"]

1. d4 d6 2. c4 e5 3. Nc3 exd4 4. Qxd4 Nc6 5. Qd2 g6 6. b3 Bg7 7. Bb2 Nf6 8. g3
O-O 9. Nh3 Ne5 10. Nf4 a5 11. Bg2 a4 12. O-O a3 13. Bc1 c6 14. Rb1 Qa5 15. Qc2
Re8 16. Bd2 Qa6 17. Rbd1 d5 18. cxd5 cxd5 19. Nfxd5 Nxd5 20. Nxd5 Qxe2 21. Rde1
Qh5 22. Qd1 Qxd1 23. Rxd1 Rb8 24. Bb4 Nc6 25. Bd6 Bg4 26. f3 Bf5 27. Bxb8 Rxb8
28. Rd2 Kf8 29. Rfd1 Be6 30. f4 Bxd5 31. Bxd5 Nb4 32. Be4 Bb2 33. Rd7 Re8 34.
Bb1 Re7 35. Rxe7 Kxe7 36. Kg2 b6 37. g4 Ke6 38. Kf3 Nd5 39. Bd3 Nb4 40. Bb1 Nd5
41. h4 Nc3 42. Re1+ Kd5 43. g5 Kd4 44. Rh1 b5 45. Re1 b4 46. f5 gxf5 47. h5
Nxb1 48. Rxb1 Kd3 49. Rf1 Bd4 50. Rd1+ Kc3 51. Ke2 Ba7 52. Rf1 Kb2 53. Kd3 Kxa2
54. Kc2 Be3 55. Rxf5 Ka1 56. Rf1+ Ka2 57. Rxf7 Bxg5 58. Rxh7 1-0

[Event "GBR-ch84"]
[Site "Hove"]
[Date "1997.08.14"]
[Round "10"]
[White "Plaskett, H James"]
[Black "Hunt, Harriet V"]
[Result "1/2-1/2"]
[WhiteElo "2450"]
[BlackElo "2360"]
[PlyCount "72"]
[EventDate "1997.08.04"]
[EventType "swiss"]
[EventRounds "11"]
[EventCountry "GBR"]
[SourceTitle "BritBase"]
[Source "John Saunders"]
[SourceDate "2024.07.04"]
[SourceVersion "1"]
[SourceVersionDate "2024.07.04"]
[SourceQuality "1"]

1. e4 d5 2. exd5 Qxd5 3. Nc3 Qa5 4. Nf3 Nf6 5. Bc4 c6 6. Qe2 e6 7. d4 Bb4 8.
O-O O-O 9. Bd2 Nbd7 10. Rfe1 Qh5 11. Ne4 Bxd2 12. Qxd2 b6 13. Nd6 a5 14. Ne5
Nxe5 15. dxe5 Nd5 16. Bd3 Ba6 17. c4 Ne7 18. Re3 Ng6 19. Rae1 Qg5 20. Qd1 f5
21. exf6 Qxf6 22. Qc2 Rad8 23. Rxe6 Qd4 24. Bxg6 hxg6 25. R1e4 Qc5 26. Qd2 Bxc4
27. Rxc4 Rxd6 28. Rxd6 Qxc4 29. Rxg6 Qe4 30. Rd6 Qb1+ 31. Qd1 Qxb2 32. Rd2 Qe5
33. Qb3+ Kh8 34. Qh3+ Kg8 35. Qb3+ Kh8 36. Qh3+ Kg8 1/2-1/2

[Event "GBR-ch84"]
[Site "Hove"]
[Date "1997.08.14"]
[Round "10"]
[White "Rowson, Jonathan"]
[Black "Summerscale, Aaron P"]
[Result "0-1"]
[WhiteElo "2490"]
[BlackElo "2420"]
[PlyCount "72"]
[EventDate "1997.08.04"]
[EventType "swiss"]
[EventRounds "11"]
[EventCountry "GBR"]
[SourceTitle "BritBase"]
[Source "John Saunders"]
[SourceDate "2024.07.04"]
[SourceVersion "1"]
[SourceVersionDate "2024.07.04"]
[SourceQuality "1"]

1. d4 d5 2. c4 c6 3. Nc3 dxc4 4. e4 b5 5. a4 b4 6. Na2 Nf6 7. e5 Nd5 8. Bxc4 e6
9. Nf3 Be7 10. O-O Nd7 11. Bd2 a5 12. Nc1 N5b6 13. Bd3 c5 14. Be4 Ra7 15. Nd3
c4 16. Nf4 Bb7 17. Bxb7 Rxb7 18. Qe2 Rc7 19. Rad1 O-O 20. Bc1 Qa8 21. d5 Nxd5
22. Nxd5 exd5 23. Nd4 Nc5 24. Nf5 Re8 25. Qf3 Bf8 26. Nd6 Rb8 27. Rxd5 Nxa4 28.
Ne4 Rd8 29. Rfd1 Rxd5 30. Rxd5 c3 31. b3 Nb6 32. Rd6 Bxd6 33. exd6 Rd7 34. Be3
Nd5 35. Bh6 Qe8 36. Qf5 Rxd6 0-1

[Event "GBR-ch84"]
[Site "Hove"]
[Date "1997.08.14"]
[Round "10"]
[White "Spence, David J"]
[Black "Regan, Natasha K"]
[Result "0-1"]
[WhiteElo "2070"]
[BlackElo "2170"]
[PlyCount "72"]
[EventDate "1997.08.04"]
[EventType "swiss"]
[EventRounds "11"]
[EventCountry "GBR"]
[SourceTitle "BritBase"]
[Source "John Saunders"]
[SourceDate "2024.07.04"]
[SourceVersion "1"]
[SourceVersionDate "2024.07.04"]
[SourceQuality "1"]

1. d4 d5 2. Nf3 Nf6 3. Bf4 c5 4. e3 g6 5. Bd3 c4 6. Be2 Bg7 7. O-O O-O 8. h3
Nc6 9. b3 b5 10. Ne5 Bb7 11. a4 a6 12. Nd2 Nd7 13. Nxd7 Qxd7 14. c3 e5 15. Bh2
exd4 16. exd4 b4 17. bxc4 bxc3 18. Nb3 dxc4 19. Nc5 Qe7 20. Nxb7 Qxb7 21. Bf3
Qd7 22. Bxc6 Qxc6 23. Be5 Bxe5 24. dxe5 Rad8 25. Qc1 Rd3 26. Ra3 Rfd8 27. Rxc3
Rxc3 28. Qxc3 Qxa4 29. Qf3 Re8 30. Re1 Rxe5 31. Rb1 Re8 32. h4 Qd7 33. Rd1 Qf5
34. Qc3 Rc8 35. Rd6 Qb1+ 36. Kh2 Qb8 0-1

[Event "GBR-ch84"]
[Site "Hove"]
[Date "1997.08.14"]
[Round "10"]
[White "Wall, Gavin"]
[Black "Pert, Nicholas"]
[Result "1-0"]
[WhiteElo "2330"]
[BlackElo "2240"]
[PlyCount "77"]
[EventDate "1997.08.04"]
[EventType "swiss"]
[EventRounds "11"]
[EventCountry "GBR"]
[SourceTitle "BritBase"]
[Source "John Saunders"]
[SourceDate "2024.07.04"]
[SourceVersion "1"]
[SourceVersionDate "2024.07.04"]
[SourceQuality "1"]

1. e4 e6 2. d4 d5 3. e5 c5 4. c3 Nc6 5. Nf3 Bd7 6. dxc5 Bxc5 7. b4 Bb6 8. Bd3
Qc7 9. Bf4 Nge7 10. Bg3 Rc8 11. O-O Ng6 12. a4 Qb8 13. b5 Na5 14. Re1 Nc4 15.
Ra2 O-O 16. Ng5 Bd8 17. Qh5 Bxg5 18. Qxg5 Qc7 19. h4 Qd8 20. Qxd8 Rfxd8 21. h5
Ne7 22. Bh4 Re8 23. f4 h6 24. Bf2 a6 25. Na3 axb5 26. Nxb5 Bxb5 27. axb5 Rc7
28. g4 g6 29. Kh2 Kh7 30. Bd4 Rg8 31. Rf1 Kg7 32. f5 gxf5 33. gxf5 Nxf5 34.
Bxf5 exf5 35. Rg1+ Kh7 36. Rxg8 Kxg8 37. Ra8+ Kg7 38. e6+ f6 39. Rd8 1-0

[Event "GBR-ch84"]
[Site "Hove"]
[Date "1997.08.14"]
[Round "10"]
[White "Ward, Christopher G"]
[Black "Turner, Matthew J"]
[Result "1-0"]
[WhiteElo "2505"]
[BlackElo "2445"]
[PlyCount "85"]
[EventDate "1997.08.04"]
[EventType "swiss"]
[EventRounds "11"]
[EventCountry "GBR"]
[SourceTitle "BritBase"]
[Source "John Saunders"]
[SourceDate "2024.07.04"]
[SourceVersion "1"]
[SourceVersionDate "2024.07.04"]
[SourceQuality "1"]

1. d4 g6 2. e4 Bg7 3. c4 d6 4. Nc3 e5 5. d5 Ne7 6. h4 h5 7. g3 a5 8. Bh3 Na6 9.
Be3 Bh6 10. Bxh6 Rxh6 11. Qd2 Rh8 12. f4 exf4 13. gxf4 Bg4 14. Qd4 Rh7 15. Bg2
f5 16. e5 dxe5 17. Qxe5 Qd6 18. Nf3 Bxf3 19. Bxf3 O-O-O 20. O-O-O Qc5 21. Qd4
Qxd4 22. Rxd4 Nc5 23. Rd2 Kd7 24. Kc2 Rf8 25. Re1 Nc8 26. Nb5 Nd6 27. Nxd6 cxd6
28. Rg2 Rf6 29. Reg1 Rh6 30. Kc3 Na4+ 31. Kd4 Nc5 32. Bd1 Kd8 33. b3 Kc7 34. a3
Rh7 35. b4 axb4 36. axb4 Na6 37. Rxg6 Rxg6 38. Rxg6 Re7 39. Re6 Rg7 40. c5 Nxb4
41. cxd6+ Kb6 42. d7+ Kc7 43. Ba4 1-0

[Event "GBR-ch84"]
[Site "Hove"]
[Date "1997.08.15"]
[Round "11"]
[White "Ansell, Simon T"]
[Black "Cobb, Charles A"]
[Result "1-0"]
[WhiteElo "2390"]
[BlackElo "2290"]
[PlyCount "53"]
[EventDate "1997.08.04"]
[EventType "swiss"]
[EventRounds "11"]
[EventCountry "GBR"]
[SourceTitle "BritBase"]
[Source "John Saunders"]
[SourceDate "2024.07.04"]
[SourceVersion "1"]
[SourceVersionDate "2024.07.04"]
[SourceQuality "1"]

1. e4 e6 2. d3 d5 3. Nd2 Nf6 4. Ngf3 b6 5. e5 Nfd7 6. d4 c5 7. c4 Bb7 8. cxd5
Bxd5 9. Bc4 cxd4 10. Bxd5 exd5 11. O-O Bc5 12. Nb3 Nc6 13. Bg5 Qc7 14. Nbxd4
Nxd4 15. Nxd4 Nxe5 16. Rc1 Qd7 17. Bf4 Ng6 18. Re1+ Kf8 19. b4 Nxf4 20. bxc5
bxc5 21. Rxc5 g5 22. g3 Ng6 23. Qf3 g4 24. Qf6 Re8 25. Rxe8+ Qxe8 26. Kf1 Rg8
27. Rxd5 1-0

[Event "GBR-ch84"]
[Site "Hove"]
[Date "1997.08.15"]
[Round "11"]
[White "Arkell, Keith C"]
[Black "Conquest, Stuart C"]
[Result "1-0"]
[WhiteElo "2480"]
[BlackElo "2500"]
[PlyCount "103"]
[EventDate "1997.08.04"]
[EventType "swiss"]
[EventRounds "11"]
[EventCountry "GBR"]
[SourceTitle "BritBase"]
[Source "John Saunders"]
[SourceDate "2024.07.04"]
[SourceVersion "1"]
[SourceVersionDate "2024.07.04"]
[SourceQuality "1"]

1. d4 Nf6 2. Nf3 e6 3. c4 d5 4. Nc3 c6 5. cxd5 exd5 6. Bg5 Be7 7. Qc2 Na6 8. a3
g6 9. e3 Bf5 10. Bd3 Bxd3 11. Qxd3 Nc7 12. b4 a6 13. O-O O-O 14. Bxf6 Bxf6 15.
a4 Qd6 16. Rab1 Bg7 17. Rfc1 Ne6 18. b5 axb5 19. axb5 f5 20. bxc6 bxc6 21. Rb6
Rac8 22. Ne2 Rc7 23. Qc2 Rfc8 24. g3 Qa3 25. Qb1 Kh8 26. h4 Qe7 27. Qb3 Bf6 28.
Rc2 Qe8 29. Nc1 h6 30. Nd3 g5 31. hxg5 hxg5 32. Nfe5 Rh7 33. Rcxc6 Rxc6 34.
Rxc6 Qh5 35. Kf1 Bxe5 36. Nxe5 f4 37. Qb8+ Kg7 38. Qb7+ Kf6 39. Nd7+ Rxd7 40.
Qxd7 Qh3+ 41. Ke2 fxg3 42. Rxe6+ Qxe6 43. Qxe6+ Kxe6 44. f3 Kf5 45. Kf1 g4 46.
f4 Kg6 47. Kg2 Kh6 48. Kxg3 Kh5 49. e4 dxe4 50. d5 Kg6 51. Kxg4 Kf6 52. Kg3 1-0

[Event "GBR-ch84"]
[Site "Hove"]
[Date "1997.08.15"]
[Round "11"]
[White "Botley, Gordon"]
[Black "Rudd, Jack"]
[Result "0-1"]
[WhiteElo "2155"]
[BlackElo "2170"]
[PlyCount "60"]
[EventDate "1997.08.04"]
[EventType "swiss"]
[EventRounds "11"]
[EventCountry "GBR"]
[SourceTitle "BritBase"]
[Source "John Saunders"]
[SourceDate "2024.07.04"]
[SourceVersion "1"]
[SourceVersionDate "2024.07.04"]
[SourceQuality "1"]

1. d4 Nf6 2. Nf3 c5 3. c4 e6 4. g3 cxd4 5. Nxd4 Nc6 6. Bg2 Bc5 7. Nb3 Bb6 8.
Nc3 h5 9. h4 Ng4 10. c5 Bc7 11. Ne4 Nce5 12. Qd4 O-O 13. Nd6 Nc6 14. Qd2 Rb8
15. Qg5 Nb4 16. O-O Qxg5 17. Bxg5 f6 18. Bd2 Nc6 19. f4 b6 20. Nxc8 Rfxc8 21.
cxb6 Bxb6+ 22. Kh1 Nd4 23. Bf3 Nf5 24. Rfc1 Nxg3+ 25. Kg2 Nf5 26. Be1 Nfe3+ 27.
Kh3 Nc2 28. Rab1 Be3 29. Bd2 Rxb3 30. axb3 Bxd2 0-1

[Event "GBR-ch84"]
[Site "Hove"]
[Date "1997.08.15"]
[Round "11"]
[White "Crouch, Colin S"]
[Black "Plaskett, H James"]
[Result "1/2-1/2"]
[WhiteElo "2375"]
[BlackElo "2450"]
[PlyCount "56"]
[EventDate "1997.08.04"]
[EventType "swiss"]
[EventRounds "11"]
[EventCountry "GBR"]
[SourceTitle "BritBase"]
[Source "John Saunders"]
[SourceDate "2024.07.04"]
[SourceVersion "1"]
[SourceVersionDate "2024.07.04"]
[SourceQuality "1"]

1. d4 Nf6 2. c4 e6 3. Nc3 c5 4. d5 exd5 5. cxd5 d6 6. e4 g6 7. f4 Bg7 8. Bb5+
Nfd7 9. a4 Qh4+ 10. Kf1 O-O 11. Nf3 Qe7 12. Bd3 Nf6 13. h3 Nh5 14. Kf2 Bd4+ 15.
Nxd4 Qh4+ 16. Kg1 cxd4 17. Ne2 Nd7 18. Ra3 Nc5 19. b4 Nxd3 20. Qxd3 f5 21. Bb2
Qe1+ 22. Kh2 Qf2 23. Bxd4 Nxf4 24. Bxf2 Nxd3 25. Rxd3 fxe4 26. Re3 Rxf2 27. Kg3
Rf7 28. Nc3 Bf5 1/2-1/2

[Event "GBR-ch84"]
[Site "Hove"]
[Date "1997.08.15"]
[Round "11"]
[White "Jackson, Oliver A"]
[Black "Mah, Karl CC"]
[Result "1-0"]
[WhiteElo "2230"]
[BlackElo "2365"]
[PlyCount "69"]
[EventDate "1997.08.04"]
[EventType "swiss"]
[EventRounds "11"]
[EventCountry "GBR"]
[SourceTitle "BritBase"]
[Source "John Saunders"]
[SourceDate "2024.07.04"]
[SourceVersion "1"]
[SourceVersionDate "2024.07.04"]
[SourceQuality "1"]

1. e4 c5 2. Nc3 Nc6 3. f4 g6 4. Nf3 Bg7 5. Bb5 Nd4 6. O-O Nxb5 7. Nxb5 d5 8. e5
a6 9. Nc3 e6 10. d4 cxd4 11. Ne2 Ne7 12. Nexd4 Bd7 13. Be3 Qc7 14. Qd2 O-O 15.
Rae1 Rfc8 16. g4 Nc6 17. Rf2 Na5 18. b3 Nc6 19. h4 Nxd4 20. Bxd4 a5 21. h5 a4
22. hxg6 fxg6 23. f5 axb3 24. cxb3 exf5 25. e6 Bxe6 26. Bxg7 Qg3+ 27. Kh1 Kxg7
28. Rxe6 Qh3+ 29. Nh2 Rxa2 30. Qd4+ Kg8 31. Qxd5 Kg7 32. Qe5+ Kf8 33. Qh8+ Kf7
34. Rf6+ Ke7 35. Qg7+ 1-0

[Event "GBR-ch84"]
[Site "Hove"]
[Date "1997.08.15"]
[Round "11"]
[White "Law, Andrew P"]
[Black "Smith, Andrew Philip"]
[Result "1/2-1/2"]
[WhiteElo "2330"]
[BlackElo "2255"]
[PlyCount "31"]
[EventDate "1997.08.04"]
[EventType "swiss"]
[EventRounds "11"]
[EventCountry "GBR"]
[SourceTitle "BritBase"]
[Source "John Saunders"]
[SourceDate "2024.07.04"]
[SourceVersion "1"]
[SourceVersionDate "2024.07.04"]
[SourceQuality "1"]

1. d4 b5 2. e4 a6 3. a4 b4 4. Nf3 Bb7 5. Bd3 e6 6. O-O Nf6 7. Re1 Be7 8. Nbd2
c5 9. dxc5 Bxc5 10. Nb3 Be7 11. Bg5 h6 12. Bh4 d6 13. e5 dxe5 14. Nxe5 Qd5 15.
Bf1 Nbd7 16. Nxd7 1/2-1/2

[Event "GBR-ch84"]
[Site "Hove"]
[Date "1997.08.15"]
[Round "11"]
[White "Ledger, Andrew J"]
[Black "Gallagher, Joseph G"]
[Result "1-0"]
[WhiteElo "2415"]
[BlackElo "2525"]
[PlyCount "93"]
[EventDate "1997.08.04"]
[EventType "swiss"]
[EventRounds "11"]
[EventCountry "GBR"]
[SourceTitle "BritBase"]
[Source "John Saunders"]
[SourceDate "2024.07.04"]
[SourceVersion "1"]
[SourceVersionDate "2024.07.04"]
[SourceQuality "1"]

1. e4 c5 2. Nc3 Nc6 3. g3 g6 4. d3 Bg7 5. Be3 d6 6. Qd2 Rb8 7. Bg2 b5 8. Nge2
b4 9. Nd1 Nd4 10. O-O e6 11. Nc1 Qa5 12. c3 bxc3 13. bxc3 Nc6 14. Bf4 Qc7 15.
Nb3 e5 16. Bg5 Nge7 17. Bh6 O-O 18. Bxg7 Kxg7 19. f4 Na5 20. Nxa5 Qxa5 21. Ne3
f6 22. Rf2 Bb7 23. Raf1 Rbd8 24. Bh3 exf4 25. Rxf4 d5 26. e5 f5 27. g4 d4 28.
gxf5 dxe3 29. f6+ Kh8 30. fxe7 Rxf4 31. exd8=R+ Qxd8 32. Qxe3 Rxf1+ 33. Bxf1
Qd5 34. Qf4 Kg8 35. c4 Qf7 36. Qe3 Qe6 37. Bh3 Qc6 38. Kf2 Kf7 39. Qf4+ Ke7 40.
e6 Qh1 41. Qf7+ Kd6 42. Qf8+ Ke5 43. Qxc5+ Kf6 44. Qd4+ Ke7 45. Qh4+ Ke8 46.
Qf4 Ke7 47. d4 1-0

[Event "GBR-ch84"]
[Site "Hove"]
[Date "1997.08.15"]
[Round "11"]
[White "Lee, Graham D"]
[Black "Bates, Richard A"]
[Result "1/2-1/2"]
[WhiteElo "2350"]
[BlackElo "2345"]
[PlyCount "80"]
[EventDate "1997.08.04"]
[EventType "swiss"]
[EventRounds "11"]
[EventCountry "GBR"]
[SourceTitle "BritBase"]
[Source "John Saunders"]
[SourceDate "2024.07.04"]
[SourceVersion "1"]
[SourceVersionDate "2024.07.04"]
[SourceQuality "1"]

1. e4 e6 2. d4 d5 3. e5 c5 4. c3 Nc6 5. Nf3 Bd7 6. a3 f6 7. Bd3 Qc7 8. Bf4
O-O-O 9. Bg3 Qb6 10. b4 cxd4 11. cxd4 f5 12. Be2 g5 13. Nxg5 Qxd4 14. Nd2 Nh6
15. Rc1 Kb8 16. f4 Qe3 17. Qb3 Qxe2+ 18. Kxe2 Nd4+ 19. Ke3 Nxb3 20. Nxb3 Be7
21. Nf3 Ng4+ 22. Kd2 Rhg8 23. Rc3 h5 24. Ke1 Rc8 25. Rxc8+ Rxc8 26. Kd2 Ne3 27.
Kxe3 Rc3+ 28. Kf2 Rxb3 29. Ra1 a5 30. bxa5 Bxa3 31. Bh4 Bc5+ 32. Kg3 d4 33. Bd8
Bc6 34. Bb6 Bxb6 35. axb6 Bxf3 36. gxf3 Kc8 37. Rc1+ Rc3 38. Rd1 d3 39. Kh4 Kd7
40. Kxh5 Kc6 1/2-1/2

[Event "GBR-ch84"]
[Site "Hove"]
[Date "1997.08.15"]
[Round "11"]
[White "McFarland, Robert S"]
[Black "Greet, Andrew N"]
[Result "1-0"]
[WhiteElo "2200"]
[BlackElo "2240"]
[PlyCount "81"]
[EventDate "1997.08.04"]
[EventType "swiss"]
[EventRounds "11"]
[EventCountry "GBR"]
[SourceTitle "BritBase"]
[Source "John Saunders"]
[SourceDate "2024.07.04"]
[SourceVersion "1"]
[SourceVersionDate "2024.07.04"]
[SourceQuality "1"]

1. Nf3 g6 2. g3 Bg7 3. Bg2 Nf6 4. O-O O-O 5. c4 d6 6. d4 Nbd7 7. Nc3 e5 8. e4
h6 9. h3 Nh7 10. Be3 Ng5 11. Nxg5 hxg5 12. b3 exd4 13. Bxd4 Ne5 14. Rc1 Be6 15.
f4 gxf4 16. gxf4 Nc6 17. Bxg7 Kxg7 18. f5 Bd7 19. f6+ Kh7 20. Rf4 Rh8 21. Rh4+
Kg8 22. Rxh8+ Kxh8 23. Nd5 Rc8 24. Qd2 Qf8 25. Qg5 Kh7 26. h4 Qh6 27. c5 Be6
28. Kh2 Re8 29. Nxc7 Rd8 30. Nd5 Ne5 31. cxd6 Bxd5 32. exd5 Qxg5 33. hxg5 Rxd6
34. Rc7 Ra6 35. Re7 Ng4+ 36. Kg3 Rxa2 37. Rxf7+ Kh8 38. Rxb7 Ne3 39. Rb8+ Kh7
40. f7 Nf5+ 41. Kh3 1-0

[Event "GBR-ch84"]
[Site "Hove"]
[Date "1997.08.15"]
[Round "11"]
[White "Mestel, A Jonathan"]
[Black "Thompson, Ian D"]
[Result "0-1"]
[WhiteElo "2500"]
[BlackElo "2260"]
[PlyCount "79"]
[EventDate "1997.08.04"]
[EventType "swiss"]
[EventRounds "11"]
[EventCountry "GBR"]
[SourceTitle "BritBase"]
[Source "John Saunders"]
[SourceDate "2024.07.04"]
[SourceVersion "1"]
[SourceVersionDate "2024.07.04"]
[SourceQuality "1"]

1. c4 e5 2. Nc3 Nc6 3. g3 g6 4. Bg2 Bg7 5. e4 d6 6. Nge2 Nge7 7. d3 O-O 8. O-O
Be6 9. h3 Qd7 10. Kh2 f5 11. exf5 Nxf5 12. Ne4 h6 13. Rb1 a5 14. b3 Rf7 15. Bb2
Raf8 16. a3 b6 17. Qe1 Nfd4 18. Nxd4 Nxd4 19. Bxd4 exd4 20. b4 axb4 21. axb4 d5
22. cxd5 Bxd5 23. h4 Qb5 24. Qe2 Re7 25. Rfd1 Ba8 26. Re1 Rfe8 27. Qc2 Bd5 28.
Rec1 Rf8 29. Kg1 Kh8 30. Qd1 Ra8 31. h5 Ra3 32. Qg4 Be6 33. Qxg6 Bf5 34. Qc6
Qxc6 35. Rxc6 Rxd3 36. f3 Bxe4 37. fxe4 Rxg3 38. Rbc1 Rc3 39. b5 Kh7 40. Bf1
0-1

[Event "GBR-ch84"]
[Site "Hove"]
[Date "1997.08.15"]
[Round "11"]
[White "Pein, Malcolm"]
[Black "Sasikiran, Krishnan"]
[Result "0-1"]
[WhiteElo "2430"]
[BlackElo "2430"]
[PlyCount "64"]
[EventDate "1997.08.04"]
[EventType "swiss"]
[EventRounds "11"]
[EventCountry "GBR"]
[SourceTitle "BritBase"]
[Source "John Saunders"]
[SourceDate "2024.07.04"]
[SourceVersion "1"]
[SourceVersionDate "2024.07.04"]
[SourceQuality "1"]

1. e4 c6 2. d4 d5 3. Nd2 dxe4 4. Nxe4 Nd7 5. Ng5 Ngf6 6. Bd3 e6 7. N1f3 Bd6 8.
Qe2 h6 9. Ne4 Nxe4 10. Qxe4 Qc7 11. Qg4 Kf8 12. O-O b6 13. Re1 c5 14. Qh3 Bb7
15. Bd2 Nf6 16. dxc5 bxc5 17. Bc3 c4 18. Bxf6 cxd3 19. Bc3 dxc2 20. Rac1 Bd5
21. Rxc2 Qb7 22. Be5 Bxe5 23. Nxe5 Kg8 24. Rec1 Kh7 25. Qh5 Rhf8 26. h4 Kg8 27.
Rc7 Qxb2 28. Nxf7 Qf6 29. Nxh6+ Qxh6 30. Qe5 Rf5 31. Qg3 Raf8 32. f3 R5f7 0-1

[Event "GBR-ch84"]
[Site "Hove"]
[Date "1997.08.15"]
[Round "11"]
[White "Pert, Nicholas"]
[Black "Palliser, Richard JD"]
[Result "1-0"]
[WhiteElo "2240"]
[BlackElo "2125"]
[PlyCount "33"]
[EventDate "1997.08.04"]
[EventType "swiss"]
[EventRounds "11"]
[EventCountry "GBR"]
[SourceTitle "BritBase"]
[Source "John Saunders"]
[SourceDate "2024.07.04"]
[SourceVersion "1"]
[SourceVersionDate "2024.07.04"]
[SourceQuality "1"]

1. d4 Nf6 2. Nf3 g6 3. g3 Bg7 4. Bg2 O-O 5. O-O d6 6. c4 c6 7. Nc3 Qa5 8. e4 e5
9. h3 Na6 10. Be3 Be6 11. Qe2 Qb4 12. d5 cxd5 13. cxd5 Bd7 14. a3 Qb3 15. Rab1
Nxe4 16. Nxe4 Bb5 17. Qd1 1-0